Groth and equity: In search of the "empty Box" /
Guardado en:
| Autor principal: | |
|---|---|
| Formato: | Texto |
| Etiquetas: |
Agregar Etiqueta
Sin Etiquetas, Sea el primero en etiquetar este registro!
|
MARC
| LEADER | 00000 a a2200000 04500 | ||
|---|---|---|---|
| 001 | 39962 | ||
| 003 | |||
| 040 | |||
| 100 | |a Machinea, José Luis | ||
| 245 | |a Groth and equity: |b In search of the "empty Box" / |c José Luis Machinea | ||
| 773 | |g Capítulo 1, 1-23 páginas | ||
| 999 | |c 24066 |d 24066 | ||
